000 00581nam a2200193Ia 4500
005 20250326143201.0
008 250326s9999 xx 000 0 und d
020 _a81-261-1486-X
037 _aTextbook
040 _aFMSL
_beng
_cFMSL
041 _aeng
_2eng
084 _aX:326.44 P3
_qFMSL
100 _aRathore Shirin Ed.
245 0 _aIndian capital market: an empirical study
_cRathore Shirin And Others Ed.
260 _aNew Delhi
_bNew Delhi, Anmol Publications
_c2003
300 _axxviii,426
942 _cTB
_hX:326.44 P3
999 _c1298489
_d1298489